La crónica periodística : un género personal /

Bibliographic Details
Main Author: Diego, Alvaro de
Format: Libro
Language:English
Published: Madrid Universitas 2007
Online Access:

MARC

LEADER 00000cam a2200000 a 4500
001 033916
003 UAHC_CL
005 20170803123702.0
008 120711b xx j 000 1 eng
020 |a 9788479912031 
040 |a UAHC_CL  |c UAHC_CL  |d UAHC_CL 
100 1 |a Diego, Alvaro de 
245 1 3 |a La crónica periodística :  |b un género personal /  |c Alvaro de Diego. 
260 |b Universitas  |a Madrid  |c 2007 
300 |a 189 p. 
900 |a FONDECYT 
942 |c BK 
952 |0 0  |1 0  |4 0  |6 FONDECYT  |7 0  |8 General  |9 64723  |a BC  |b BC  |c General  |d 2017-08-03  |l 0  |m 3  |o FONDECYT  |p 1405452  |q 2018-01-11  |r 2017-08-03 00:00:00  |t 1  |w 2017-08-03  |y BK 
999 |c 33916  |d 33916